| 000 | 00860cam a2200217 4500 | ||
|---|---|---|---|
| 001 | WB3633-13 | ||
| 008 | 000000n2000 000 0 eng u | ||
| 035 | _a(Sirsi) u107973 | ||
| 245 | _aMind the growing gap | ||
| 260 | _c2000 | ||
| 490 |
_aFinancial Times _v 21 August 2000, 3(2) |
||
| 520 | _aA new regional breakdown of a forecast published by Oxford Economic Forecasting , reveals the economic disparity between the north and south is growing. Suggests the problem lies with the poorer north's greater reliance on the manufacturing industry, which is hit by the continuing strength of the pound. Graph. | ||
| 590 | _aWB | ||
| 650 | _aNORTH-SOUTH DIVIDE | ||
| 650 | _aMANUFACTURING INDUSTRY | ||
| 650 | _aECONOMIC FORECASTS | ||
| 650 | _aOXFORD ECONOMIC FORECASTING | ||
| 650 | _aREGIONAL ECONOMICS | ||
| 690 | _aECONOMIC ISSUES | ||
| 942 | _n0 | ||
| 999 |
_c64503 _d64503 |
||